Cesty a príbehy moderného umenia zborník referátov z kolokvia k 70. narodeninám prof. Tomáša Štraussa : Bratislava 2002 2

Bibliographic Details
Corporate Author: Cesty a príbehy moderného umenia Bratislava, Slovensko (Author)
Other Authors: Belohradská, Ľuba, 1936- (Compiler)
Format: Conference Proceeding Book
Language:Slovak
German
PhysicalDescription:105 strán fotografie 21 cm
Published: Bratislava Združenie historikov moderného výtvarného umenia 2002
ISBN:8096887262
Edition:[1. vyd.]
Subjects:

MARC

LEADER 00000cam a2200000 a 4500
001 vtls001466692
003 SK-MaSNL
005 20260425225314.0
008 240226s2002 xo o fr 100 0 slo
015 |a SNBA2004/04-01453 
020 |a 8096887262  |q (brožované) 
035 |a SNK000421997 
035 |a urn:nbn:sk:snk-amkooa 
035 |a urn:nbn:sk:snk-am003wux 
035 |a D0B0A0DF-E3B0-4501-8C81-CCB536678861 
040 |a SNK  |b slo  |c SNK  |e AACR2 
041 0 |a slo  |a ger 
043 |a e-xo--- 
044 |a xo  |c SK 
072 7 |a 72/76  |x Výtvarné umenie  |2 konspekt 
080 |a 73/77"19"(082)  |2 1981 
080 |a 72/76  |2 1981 
080 |a (063)  |2 1981 
080 |a 72/76(437.6)  |2 2011 
080 |a 7.036/.038  |2 2011 
080 |a (082)  |2 2011 
080 |a (437.6)  |2 2011 
111 2 |a Cesty a príbehy moderného umenia  |n (2. :  |d 2002 :  |c Bratislava, Slovensko)  |4 aut  |9 394837 
245 1 0 |a Cesty a príbehy moderného umenia  |b zborník referátov z kolokvia k 70. narodeninám prof. Tomáša Štraussa : Bratislava 2002  |n 2  |c [zostavila a odborne redigovala Ľuba Belohradská] 
250 |a [1. vyd.] 
260 |a Bratislava  |b Združenie historikov moderného výtvarného umenia  |c 2002 
300 |a 105 strán  |b fotografie  |c 21 cm 
366 |e 500 výtl. 
500 |a Obsahuje poznámky 
546 |a Čiastočne súbežný text v nemčine 
650 0 7 |a slovenské výtvarné umenie  |2 SNKPH  |9 68597 
650 0 7 |a moderné umenie  |2 SNKPH  |9 68456 
651 7 |a Slovensko  |2 SNKPHgeo  |9 14231 
655 7 |a zborníky konferencií  |2 SNKPH  |9 70153 
700 1 |a Belohradská, Ľuba,  |d 1936-  |4 com  |9 98509 
700 1 |a Štrauss, Tomáš,  |d 1931-2013  |4 hnr  |9 97559 
919 |a 80-968872-6-2 
954 |a odborná, vedecká literatúra pôvodná (slovenská)  |2 lita 
954 |a odborná, vedecká literatúra cudzojazyčná (svetová)  |2 lita 
958 |a OND 
999 |c 644549  |d 646479 
952 |a SNK  |b SNK  |y PREZ  |7 0  |p 17A0422653  |o snkSC 97999/2  |i snkKSP 4299/2004  |8 0  |0 0  |1 0  |4 0  |d 2004-03-22  |f 1  |l 0  |r 2025-09-18 00:00:00  |w 2026-02-23 
952 |a SNK  |b SNK  |y VYP  |7 0  |p 17A0422652  |o snkSC 97999/2 D1  |i snkKSP 4300/2004  |0 0  |1 0  |4 0  |d 2004-03-22  |l 0  |r 2005-01-02 00:00:00  |w 2026-02-23